Conjunto de reformas parciales a la Constitución Política presentado a conocimiento de la Asamblea Legislativa por la fracción del Partido Liberación Nacional /
Contiene un plan de reformas a la constitución política de Costa Rica, presentado a la asamblea legislativa por el Partido Liberación Nacional, así como un informe de minoría afirmativo y otro de minoría negativo - Expone algunos argumentos para justificar la reforma constitucional. Señala las direc...
Guardado en:
| Autores Corporativos: | , |
|---|---|
| Format: | Texto |
| Sprog: | Spanish |
| Udgivet: |
San José :
Asamblea Legislativa
1979
|
| Fag: | |
| Tags: |
Tilføj Tag
Ingen Tags, Vær først til at tagge denne postø!
|
MARC
| LEADER | 00000 a a2200000 04500 | ||
|---|---|---|---|
| 001 | 20671 | ||
| 003 | cru CIDCACS/IIS | ||
| 005 | 20230703091441.0 | ||
| 008 | 230703e1979 cr ||||| |||| 00| 0 spa d | ||
| 040 | |c CRAI/IIS | ||
| 090 | |a 04.03.01 C751c | ||
| 110 | |a Partido Liberación Nacional | ||
| 245 | |a Conjunto de reformas parciales a la Constitución Política presentado a conocimiento de la Asamblea Legislativa por la fracción del Partido Liberación Nacional / |c Partido Liberación Nacional | ||
| 260 | |a San José : |b Asamblea Legislativa |c 1979 | ||
| 300 | |a 112 páginas | ||
| 520 | |a Contiene un plan de reformas a la constitución política de Costa Rica, presentado a la asamblea legislativa por el Partido Liberación Nacional, así como un informe de minoría afirmativo y otro de minoría negativo - Expone algunos argumentos para justificar la reforma constitucional. Señala las direcciones generales de la reforma , los criterios básicos utilizados y la orientación de las reformas propuestas a las 4 instituciones que constituyen su objetivo (Asamblea Legislativa, Poder Judicial, Sistema Municipal y Contraloría General de la República). Agrega un informe afirmativo de la comisión de asuntos especiales de la asamblea legislativa y otro de minoría negativo, redactado por uno de los diputados integrantes de dicha comisión | ||
| 650 | |a CONSTITUCIONES | ||
| 650 | |a REFORMA ADMINISTRATIVA | ||
| 650 | |a REFORMA CONSTITUCIONAL | ||
| 650 | |a PARLAMENTO | ||
| 650 | |a PARTIDOS POLITICOS | ||
| 650 | |a LIBERACION NACIONAL | ||
| 710 | |a Asamblea Legislativa | ||
| 942 | |2 ddc |c LI |h 04.03.01 C751c |i 14386 |6 040301_C751C_14386 | ||
| 999 | |c 2681 |d 2681 | ||
